000 00410nam a22001337a 4500
020 _a0072472510
082 _222
_a006.6869
100 _aLaudon, Kenneth ...[et al ].
245 _aInteractive computing saries ; micro soft (R) word 2002 /
260 _bMc graw- Hill Higher Education,
_cc 2002.
300 _aXviii, 34 p, ;
_bNA
_c24 cm.
700 _a Rosenblatt, kenneth and langley, David.
942 _2ddc
_cIT
999 _c4147
_d4147